000 01292nam a22002777a 4500
001 TZ 0004
003 gtcocun
005 20250924193919.0
006 a||||gr|||| 00| 0
007 ta
008 250924b1995 gt ||||| m||| 00| 0 eng d
040 _agtcocun
_bSPA
_cgtcocun
_eRDA
041 _aSPA TZ 0004
084 _0TZ 0004
100 _aLandaverde Morales, Jorge Antonio
_eAutor
245 _aCARACTERIZACIÓN DE EXPLOTACIONES CUNICULAS UBICADAS EN EL PERIMETRO URBANO DE LOS MUNICIPIOS DEL ÁREA CENTRAL DEL DEPARTAMENTO DE ALTA VERAPAZ./
_cJorge Antonio Landaverde Morales.
_hImpreso
264 _aCobán, Alta Verapaz:
_bUniversidad de San Carlos de Guatemala, Centro Universitario del Norte,
300 _a49 p.:
_bIlustraciones, gráficas.
_c28 cm;
502 _eTZ 0004
502 _aTesis de grado
_bZootecnia,
_cUniversidad de San Carlos de Guatemala, Centro Universitario del Norte, Zootecnia
_d1995
_oTZ 0004
650 1 4 _2LEMB
_aCobán, San Pedro Carchá, San Juan Chamelco, Santa Cruz, San Cristóbal y Tactic Alta Verapaz
_xZootecnia
_xReproductivo
_xConejeras
_xSondeo y ejecución
_xCuniculas
700 _eAsesor
856 _uSin archivo en línea.
_zSin archivo en línea.
942 _2ddc
_cTES
_iTZ 0004
_kClasificación
_n0
_6TZ_0004_000000000000000
999 _c2135
_d2135